Statystyki dla Państwa graniczące z Mozambikiem

Kliknij tutaj aby rozwiązać quiz!

Ogólne statystyki

  • Ten quiz został rozwiązany 66 razy
  • Średni wynik to 5 z 6

Statystyki odpowiedzi

DługośćKraj% Poprawnych
491 kmRepublika Południowej Aryki
96%
419 kmZambia
89%
756 kmTanzania
88%
1231 kmZimbabwe
86%
1569 kmMalawi
72%
105 kmSuazi
54%

Rozkład punktacji

Percentyl według liczby udzielonych odpowiedzi

Procent ludzi z każdym wynikiem

Twoja historia wyników

Nie rozwiązałeś tego quizu